<?xml version="1.0" encoding="UTF-8"?><?xml-stylesheet type="text/xsl" href="static/style.xsl"?><OAI-PMH xmlns="http://www.openarchives.org/OAI/2.0/" xmlns:xsi="http://www.w3.org/2001/XMLSchema-instance" xsi:schemaLocation="http://www.openarchives.org/OAI/2.0/ http://www.openarchives.org/OAI/2.0/OAI-PMH.xsd"><responseDate>2026-06-02T21:43:01Z</responseDate><request verb="GetRecord" identifier="oai:riuma.uma.es:10630/34100" metadataPrefix="marc">https://riuma.uma.es/rest/oai/request</request><GetRecord><record><header><identifier>oai:riuma.uma.es:10630/34100</identifier><datestamp>2026-02-03T11:17:28Z</datestamp><setSpec>com_10630_2254</setSpec><setSpec>col_10630_37953</setSpec></header><metadata><record xmlns="http://www.loc.gov/MARC21/slim" xmlns:dcterms="http://purl.org/dc/terms/" xmlns:doc="http://www.lyncode.com/xoai" xmlns:xsi="http://www.w3.org/2001/XMLSchema-instance" xsi:schemaLocation="http://www.loc.gov/MARC21/slim http://www.loc.gov/standards/marcxml/schema/MARC21slim.xsd">
   <leader>00925njm 22002777a 4500</leader>
   <datafield ind2=" " ind1=" " tag="042">
      <subfield code="a">dc</subfield>
   </datafield>
   <datafield ind2=" " ind1=" " tag="720">
      <subfield code="a">Real-Domínguez, María Macarena</subfield>
      <subfield code="e">author</subfield>
   </datafield>
   <datafield ind2=" " ind1=" " tag="720">
      <subfield code="a">Molina-Molina, José-Manuel</subfield>
      <subfield code="e">author</subfield>
   </datafield>
   <datafield ind2=" " ind1=" " tag="720">
      <subfield code="a">Jimenez, Jesús</subfield>
      <subfield code="e">author</subfield>
   </datafield>
   <datafield ind2=" " ind1=" " tag="720">
      <subfield code="a">Diéguez, Horacio R.</subfield>
      <subfield code="e">author</subfield>
   </datafield>
   <datafield ind2=" " ind1=" " tag="720">
      <subfield code="a">Fernández, Mariana</subfield>
      <subfield code="e">author</subfield>
   </datafield>
   <datafield ind2=" " ind1=" " tag="720">
      <subfield code="a">Olea, Nicolás</subfield>
      <subfield code="e">author</subfield>
   </datafield>
   <datafield ind2=" " ind1=" " tag="260">
      <subfield code="c">2015</subfield>
   </datafield>
   <datafield ind2=" " ind1=" " tag="520">
      <subfield code="a">Medicinal plants are widely used for the treatment of diseases and for the development of new drugs. This study was designed to determine the presence of hormone-like activities dependent on the activation of human estrogen receptor alpha (hERa) and/or androgen receptor (hAR) in methanol extracts prepared from three medicinal plants historically and currently used for therapeutic purposes: Ginkgo biloba leaves (GBL), Elettaria cardamomum seeds (ECS) and Plantago ovata seeds (POS). After a solid-liquid extraction (SLE) step, their effects on hERa function were assessed in MCF-7 breast cancer cells using the E-Screen bioassay, and their ability to induce hAR-mediated reporter gene expression was evaluated using the androgen-sensitive stable prostatic PALM cell line. Unlike POS extracts, GBL and ECS extracts showed estrogenic (0.07 and 0.20 nM E2Eq mg(-1), respectively) and anti-estrogenic (0.01 and 0.02 μM ICI182780Eq mg(-1), respectively) activities. ECS extracts evidenced androgenic activity (0.30 nM R1881Eq mg(-1)) and POS extracts anti-androgenic activity (22.30 μM ProcEq mg(-1)). According to these findings, these plant extracts may interfere with the endocrine system via one or more hormonal receptors, and further investigation is warranted into their role as endocrine disrupters in humans</subfield>
   </datafield>
   <datafield ind1="8" ind2=" " tag="024">
      <subfield code="a">Real M, Molina-Molina JM, Jimenez J, Diéguez HR, Fernández MF, Olea N. Assessment of hormone-like activities in Ginkgo biloba, Elettaria cardamomum and Plantago ovata extracts using in vitro receptor-specific bioassays. Food Addit Contam Part A Chem Anal Control Expo Risk Assess. 2015;32(9):1531-41. doi: 10.1080/19440049.2015.1071922. Epub 2015 Aug 4. PMID: 26161806.</subfield>
   </datafield>
   <datafield ind1="8" ind2=" " tag="024">
      <subfield code="a">https://hdl.handle.net/10630/34100</subfield>
   </datafield>
   <datafield ind1="8" ind2=" " tag="024">
      <subfield code="a">10.1080/19440049.2015.1071922</subfield>
   </datafield>
   <datafield tag="653" ind2=" " ind1=" ">
      <subfield code="a">Plantas medicinales</subfield>
   </datafield>
   <datafield tag="653" ind2=" " ind1=" ">
      <subfield code="a">Andrógenos</subfield>
   </datafield>
   <datafield tag="653" ind2=" " ind1=" ">
      <subfield code="a">Ensayos biológicos</subfield>
   </datafield>
   <datafield ind2="0" ind1="0" tag="245">
      <subfield code="a">Assessment of hormone-like activities in Ginkgo biloba, Elettaria cardamomum and Plantago ovata extracts using in vitro receptor-specific bioassays</subfield>
   </datafield>
</record>
</metadata></record></GetRecord></OAI-PMH>